Statistiken für Wortschatz Französisch - Der Körper

Klicken Sie hier um das Quiz zu spielen!

Allgemein

  • Dieses Quiz wurde 162 mal gespielt
  • Das Durchschnittsergebnis liegt bei 17 aus 28

Antwortstatistiken

FranzösischDeutsch% Korrekt
la têteKopf
93%
le visageGesicht
91%
la dentZahn
89%
le piedFuß
85%
les cheveuxHaare
82%
l'œilAuge
80%
le nezNase
78%
la mainHand
77%
l'oreilleOhr
77%
la langueZunge
73%
la boucheMund
69%
le frontStirn
69%
le brasArm
66%
la jambeBein
66%
le doigtFinger
58%
la peauHaut
56%
le dosRücken
52%
le ventreBauch
51%
le sangBlut
49%
le genouKnie
47%
l'épauleSchulter
45%
la lèvreLippe
41%
l'osKnochen
40%
le couHals
39%
le mentonKinn
30%
le cerveauGehirn
26%
le coudeEllbogen
23%
l'orteilZeh
20%

Verteilung der Resultate

Perzentil nach korrekt beantworteten Fragen

Anzahl Personen mit jedem Resultat

Ihre Resultats-Entwicklung

Sie haben dieses Quiz noch nicht gespielt